| 000 | 00460nam a2200193Ia 4500 | ||
|---|---|---|---|
| 005 | 20140403132448.0 | ||
| 008 | 140130s9999 xx 000 0 und d | ||
| 020 | _a0590433180 | ||
| 050 |
_aPZ 7 _b.C7878Gr 1990 |
||
| 100 |
_aCooper, Susan _922348 |
||
| 245 |
_cSusan Cooper. _aGreenwitch / |
||
| 260 |
_bScholastic, _c1990. _aUSA : |
||
| 300 |
_a131 p. : _c17 cm. |
||
| 440 | _v1 | ||
| 521 | _aG6 | ||
| 526 | _c830 | ||
| 942 |
_cBK _2lcc |
||
| 999 |
_c41199 _d41199 |
||